000 00717nam a2200289Ia 4500
005 20260324134347.0
008 008 260324s9999 xx 000 0 eng d
020 _a9781003063803
037 _aEBOOK
040 _aCRL
040 _beng
040 _cCRL
041 _2eng
041 _aeng
084 _qCRL
100 _aD Lamont Johnson; Cleborne D Maddux
_91196525
245 4 _aThe Web in Higher Education
245 0 _bAssessing the Impact and Fulfilling the Potential
260 _bTaylor and Francis
260 _c2002
365 _a
365 _b370
856 _uhttp://www.taylorfrancis.com/books/9781003063803
942 _cEBOOK
999 _c1796544
_d1796544